000 00499nam a2200205Ia 4500
008 210210b2014 xxu||||| |||| 00| 0 eng d
020 _a9789350845639
041 _aeng
082 _a658.4 AROC
100 _aARORA (Neha)
245 _aCases in organizational behaviour
260 _aNew Delhi
_bCentrum Press
_c2014
300 _aviii,293
650 _aorganizational
650 _ain
650 _aCases
650 _abehaviour
690 _aOrganisational Behaviour
906 _a069152
999 _c153263
_d153263